000 00312nam a2200109Ia 4500
008 180205s9999 xx 000 0 und d
020 _a9781119067405
100 _aTaylor, Marie
245 _cCrabb, Steve
_aBusiness coaching & mentoring for dummies /
260 _aWest Sussex :
_c2016
300 _aviii, 375 pages
999 _c354935
_d354935